| 000 | 00585nam a22002177a 4500 | ||
|---|---|---|---|
| 001 | 5040 | ||
| 003 | FISKH | ||
| 005 | 20241101124435.0 | ||
| 008 | 241101b cb ||||| |||| 00| 0 eng d | ||
| 020 | _a071660180X | ||
| 040 |
_aFISKH _beng _cFISKH _dFISKH |
||
| 050 | _aAG5.C515 | ||
| 082 | _a031 | ||
| 100 | _aChildcraft | ||
| 245 |
_aAbout Animals / _cby Childcraft |
||
| 260 |
_aChicage : _bWorld Book-Childcraft International, Inc ; _c1980 . |
||
| 300 |
_a336 pages : _bcolor illustrations ; _c26 cm . |
||
| 490 |
_aChildcraft _vVolume 5 |
||
| 942 |
_2ddc _cBK _n0 |
||
| 999 |
_c5040 _d5040 |
||